00573nam a2200205Ia 4500003000400000008004100004020001500045040001600060082001300076100002100089245005500110700002000165700002500185260005100210300002100261490003700282650001400319650001100333650002300344GCL140319s9999 xx 000 0 eng d a0169172977 aGCL / cGCL04a823bA V1 aBRYAN, GLENDA J.10aVIEWS ON THE ART OF THE NOVEL / cBRYAN, GLENDA J.1 aDAVIES, E. RHYS1 aANGELE BOTROS SAMAAN aالقاهرة : bGHAREEB BOOK SHOP ، c1987 a20 CM ؛ c339 P aINTERNATIONAL STUDENT EDITIONv004aCRITICISM04aNOVELS04aCRITICISM - THEORY